Bài tập đại số và giải tích 11 Sách giáo khoa thí điểm : Ban khoa học tự nhiên
Đã lưu trong:
| Údair Eile: | , , |
|---|---|
| Formáid: | Leabhar |
| Teanga: | Vietnamese |
| Foilsithe: |
H.
Giáo dục
2004
|
| Sraith: | Bộ 2
|
| Ábhair: | |
| Clibeanna: |
Cuir Clib Leis
Gan Chlibeanna, Bí ar an gcéad duine leis an taifead seo a chlibeáil!
|
| Thư viện lưu trữ: | Trung tâm Học liệu Lê Vũ Hùng, Trường Đại học Đồng Tháp |
|---|
| LEADER | 01001pam a22003018a 4500 | ||
|---|---|---|---|
| 001 | 00026295 | ||
| 005 | 20171026081023.0 | ||
| 008 | 110814s2004 ||||||viesd | ||
| 041 | 0 | # | |a vie |
| 082 | 1 | 4 | |a 515.076 |b B103T |
| 245 | 0 | 0 | |a Bài tập đại số và giải tích 11 |b Sách giáo khoa thí điểm : Ban khoa học tự nhiên |c Vũ Tuấn (Chủ biên)...[và nh. ng. khác] |
| 260 | # | # | |a H. |b Giáo dục |c 2004 |
| 300 | # | # | |a 272 tr. |c 24 cm. |
| 490 | # | # | |a Bộ 2 |
| 500 | # | # | |a Bộ Giáo dục và Đào tạo |
| 650 | # | 4 | |a Giải tích |
| 650 | # | 4 | |a Bài tập |
| 650 | # | 4 | |a Lớp 11 |
| 650 | # | 4 | |a Đại số |
| 650 | # | 4 | |a Toán |
| 650 | # | 4 | |a Sách giáo khoa |
| 700 | 1 | # | |a Nguyễn Xuân Bình |
| 700 | 1 | # | |a Vũ Tuấn |e ch.b |
| 700 | 1 | # | |a Đào Ngọc Nam |
| 852 | # | # | |j KD.0011040 |
| 852 | # | # | |b Kho đọc |j KD.0011040 |
| 910 | |d 14/08/2011 | ||
| 980 | # | # | |a Trung tâm Học liệu Lê Vũ Hùng, Trường Đại học Đồng Tháp |